|
|
|
|
| LEADER |
00000nam0a2200000 4500 |
| 001 |
241311 |
| 005 |
20231101231814.0 |
| 035 |
|
|
|a (RuTPU)RU\TPU\book\262578
|
| 090 |
|
|
|a 241311
|
| 100 |
|
|
|a 20130709d1958 m y0rusy50 ca
|
| 101 |
0 |
|
|a rus
|
| 102 |
|
|
|a RU
|
| 105 |
|
|
|a y z 001zy
|
| 200 |
1 |
|
|a Модифицированный корунд-микролит - новый инструментальный материал
|e стенограмма лекции
|f Н. М. Павлушкин
|g Московский Дом научно-технической пропаганды
|
| 210 |
|
|
|a Москва
|d 1958
|
| 215 |
|
|
|a 30 с.
|
| 225 |
1 |
|
|a Машиностроение
|v вып. 4
|
| 320 |
|
|
|a Библиогр.: с. 29.
|
| 606 |
1 |
|
|a Инструментальное дело
|2 stltpush
|3 (RuTPU)RU\TPU\subj\12678
|9 39421
|
| 610 |
1 |
|
|a материалы
|
| 610 |
1 |
|
|a корунд
|
| 610 |
1 |
|
|a микролит
|
| 610 |
1 |
|
|a технология
|
| 610 |
1 |
|
|a обжиг
|
| 610 |
1 |
|
|a размол
|
| 610 |
1 |
|
|a отмывка
|
| 610 |
1 |
|
|a механические свойства
|
| 610 |
1 |
|
|a термические свойства
|
| 610 |
1 |
|
|a применение
|
| 675 |
|
|
|a 621.753.5
|v 3
|
| 700 |
|
1 |
|a Павлушкин
|b Н. М.
|
| 712 |
0 |
2 |
|a Московский Дом научно-технической пропаганды
|2 stltpush
|3 (RuTPU)RU\TPU\col\7885
|9 24405
|
| 801 |
|
1 |
|a RU
|b 63413507
|c 20130709
|
| 801 |
|
2 |
|a RU
|b 63413507
|c 20130906
|g RCR
|
| 942 |
|
|
|c BK
|